| 000 | 00749nam a2200193Ia 4500 | ||
|---|---|---|---|
| 999 |
_c37611 _d37611 |
||
| 001 | 3583 | ||
| 003 | GE_BSU | ||
| 005 | 20190627162337.0 | ||
| 008 | 181216s2009||||ge |||||||||||||| ||geo|| | ||
| 040 | _cGE_BSU | ||
| 041 | _ageo | ||
| 080 | _a070 : 616.89 მ–48 | ||
| 245 |
_aმედია და ფსიქიკური ჯანმრთელობის საკითხები : _bსახელმძღვანელო პრინციპები ჟურნალისტებისათვის / |
||
| 264 |
_aთბილისი: _b[გ.გ.] _c2009. |
||
| 300 |
_a48 გვ. ; _b25 სმ. |
||
| 653 | _aმედია | ||
| 653 | _aფსიქიკური საკითხები | ||
| 942 |
_cBK _2udc |
||